<?xml version="1.0" encoding="UTF-8"?>
<record
    xmlns:xsi="http://www.w3.org/2001/XMLSchema-instance"
    xsi:schemaLocation="http://www.loc.gov/MARC21/slim http://www.loc.gov/standards/marcxml/schema/MARC21slim.xsd"
    xmlns="http://www.loc.gov/MARC21/slim">

  <leader>00559nam a22002057a 4500</leader>
  <controlfield tag="003">OSt</controlfield>
  <controlfield tag="005">20240328104038.0</controlfield>
  <controlfield tag="008">180306b        xxu||||| |||| 00| 0 eng d</controlfield>
  <datafield tag="020" ind1=" " ind2=" ">
    <subfield code="a">NA</subfield>
  </datafield>
  <datafield tag="040" ind1=" " ind2=" ">
    <subfield code="c">SEROSOFT</subfield>
  </datafield>
  <datafield tag="050" ind1=" " ind2=" ">
    <subfield code="a">624.235</subfield>
  </datafield>
  <datafield tag="082" ind1=" " ind2=" ">
    <subfield code="2">14TH</subfield>
    <subfield code="a">624.235 DAS</subfield>
  </datafield>
  <datafield tag="100" ind1=" " ind2=" ">
    <subfield code="a">DAS ,G</subfield>
  </datafield>
  <datafield tag="245" ind1=" " ind2=" ">
    <subfield code="a">EARTHQUAKE ENGINEERING</subfield>
    <subfield code="c">AUTHOR</subfield>
    <subfield code="h">HINDI</subfield>
  </datafield>
  <datafield tag="250" ind1=" " ind2=" ">
    <subfield code="a">14TH</subfield>
  </datafield>
  <datafield tag="260" ind1=" " ind2=" ">
    <subfield code="a">MEERUT</subfield>
    <subfield code="b">NAV BHARAT</subfield>
    <subfield code="c">2018</subfield>
  </datafield>
  <datafield tag="300" ind1=" " ind2=" ">
    <subfield code="a">14TH ED. 262 PP.</subfield>
    <subfield code="b">14TH ED. 262 PP.</subfield>
    <subfield code="e">PAPERBACK</subfield>
  </datafield>
  <datafield tag="856" ind1=" " ind2=" ">
    <subfield code="3">PAPERBACK</subfield>
    <subfield code="z">CIVIL ENGINEERING</subfield>
  </datafield>
  <datafield tag="942" ind1=" " ind2=" ">
    <subfield code="2">ddc</subfield>
    <subfield code="c">02</subfield>
    <subfield code="e">14TH</subfield>
    <subfield code="h">TITLE</subfield>
    <subfield code="k">624.235</subfield>
    <subfield code="m">DAS</subfield>
  </datafield>
  <datafield tag="999" ind1=" " ind2=" ">
    <subfield code="c">43855</subfield>
    <subfield code="d">43855</subfield>
  </datafield>
  <datafield tag="952" ind1=" " ind2=" ">
    <subfield code="0">0</subfield>
    <subfield code="1">0</subfield>
    <subfield code="2">ddc</subfield>
    <subfield code="3">PAPERBACK</subfield>
    <subfield code="4">0</subfield>
    <subfield code="7">0</subfield>
    <subfield code="a">01</subfield>
    <subfield code="b">01</subfield>
    <subfield code="d">2018-03-06</subfield>
    <subfield code="e">BHARAT BOOKS DISTRIBUTORS</subfield>
    <subfield code="g">235.00</subfield>
    <subfield code="i">455 DATED 05/03/2018</subfield>
    <subfield code="l">1</subfield>
    <subfield code="o">624.235 DAS</subfield>
    <subfield code="p">01-B-126296</subfield>
    <subfield code="r">2018-06-05</subfield>
    <subfield code="s">2018-03-06</subfield>
    <subfield code="u">civil engg</subfield>
    <subfield code="v">235.00</subfield>
    <subfield code="w">2018-03-05</subfield>
    <subfield code="y">02</subfield>
    <subfield code="z"> </subfield>
  </datafield>
  <datafield tag="952" ind1=" " ind2=" ">
    <subfield code="0">0</subfield>
    <subfield code="1">0</subfield>
    <subfield code="2">ddc</subfield>
    <subfield code="3">PAPERBACK</subfield>
    <subfield code="4">0</subfield>
    <subfield code="7">0</subfield>
    <subfield code="a">01</subfield>
    <subfield code="b">01</subfield>
    <subfield code="d">2018-03-06</subfield>
    <subfield code="e">BHARAT BOOKS DISTRIBUTORS</subfield>
    <subfield code="g">235.00</subfield>
    <subfield code="i">455 DATED 05/03/2018</subfield>
    <subfield code="l">2</subfield>
    <subfield code="o">624.235 DAS</subfield>
    <subfield code="p">01-B-126297</subfield>
    <subfield code="r">2019-06-10</subfield>
    <subfield code="s">2019-03-06</subfield>
    <subfield code="u">civil engg</subfield>
    <subfield code="v">235.00</subfield>
    <subfield code="w">2018-03-05</subfield>
    <subfield code="y">02</subfield>
    <subfield code="z"> </subfield>
  </datafield>
  <datafield tag="952" ind1=" " ind2=" ">
    <subfield code="0">0</subfield>
    <subfield code="1">0</subfield>
    <subfield code="2">ddc</subfield>
    <subfield code="3">PAPERBACK</subfield>
    <subfield code="4">0</subfield>
    <subfield code="7">0</subfield>
    <subfield code="a">01</subfield>
    <subfield code="b">01</subfield>
    <subfield code="d">2018-03-06</subfield>
    <subfield code="e">BHARAT BOOKS DISTRIBUTORS</subfield>
    <subfield code="g">235.00</subfield>
    <subfield code="i">455 DATED 05/03/2018</subfield>
    <subfield code="l">3</subfield>
    <subfield code="o">624.235 DAS</subfield>
    <subfield code="p">01-B-126298</subfield>
    <subfield code="r">2019-06-26</subfield>
    <subfield code="s">2019-02-25</subfield>
    <subfield code="u">civil engg</subfield>
    <subfield code="v">235.00</subfield>
    <subfield code="w">2018-03-05</subfield>
    <subfield code="y">02</subfield>
    <subfield code="z"> </subfield>
  </datafield>
  <datafield tag="952" ind1=" " ind2=" ">
    <subfield code="0">0</subfield>
    <subfield code="1">0</subfield>
    <subfield code="2">ddc</subfield>
    <subfield code="3">PAPERBACK</subfield>
    <subfield code="4">0</subfield>
    <subfield code="7">0</subfield>
    <subfield code="a">01</subfield>
    <subfield code="b">01</subfield>
    <subfield code="d">2018-03-06</subfield>
    <subfield code="e">BHARAT BOOKS DISTRIBUTORS</subfield>
    <subfield code="g">235.00</subfield>
    <subfield code="i">455 DATED 05/03/2018</subfield>
    <subfield code="l">2</subfield>
    <subfield code="o">624.235 DAS</subfield>
    <subfield code="p">01-B-126299</subfield>
    <subfield code="r">2019-06-26</subfield>
    <subfield code="s">2019-02-23</subfield>
    <subfield code="u">civil engg</subfield>
    <subfield code="v">235.00</subfield>
    <subfield code="w">2018-03-05</subfield>
    <subfield code="y">02</subfield>
    <subfield code="z"> </subfield>
  </datafield>
  <datafield tag="952" ind1=" " ind2=" ">
    <subfield code="0">0</subfield>
    <subfield code="1">0</subfield>
    <subfield code="2">ddc</subfield>
    <subfield code="3">PAPERBACK</subfield>
    <subfield code="4">0</subfield>
    <subfield code="7">0</subfield>
    <subfield code="a">01</subfield>
    <subfield code="b">01</subfield>
    <subfield code="d">2018-03-06</subfield>
    <subfield code="e">BHARAT BOOKS DISTRIBUTORS</subfield>
    <subfield code="g">235.00</subfield>
    <subfield code="i">455 DATED 05/03/2018</subfield>
    <subfield code="l">2</subfield>
    <subfield code="o">624.235 DAS</subfield>
    <subfield code="p">01-B-126300</subfield>
    <subfield code="r">2019-06-26</subfield>
    <subfield code="s">2019-03-18</subfield>
    <subfield code="u">civil engg</subfield>
    <subfield code="v">235.00</subfield>
    <subfield code="w">2018-03-05</subfield>
    <subfield code="y">02</subfield>
    <subfield code="z"> </subfield>
  </datafield>
  <datafield tag="952" ind1=" " ind2=" ">
    <subfield code="0">0</subfield>
    <subfield code="1">0</subfield>
    <subfield code="2">ddc</subfield>
    <subfield code="3">PAPERBACK</subfield>
    <subfield code="4">0</subfield>
    <subfield code="7">0</subfield>
    <subfield code="a">01</subfield>
    <subfield code="b">01</subfield>
    <subfield code="d">2018-03-06</subfield>
    <subfield code="e">BHARAT BOOKS DISTRIBUTORS</subfield>
    <subfield code="g">235.00</subfield>
    <subfield code="i">455 DATED 05/03/2018</subfield>
    <subfield code="l">1</subfield>
    <subfield code="o">624.235 DAS</subfield>
    <subfield code="p">01-B-126301</subfield>
    <subfield code="r">2018-05-29</subfield>
    <subfield code="s">2018-03-13</subfield>
    <subfield code="u">civil engg</subfield>
    <subfield code="v">235.00</subfield>
    <subfield code="w">2018-03-05</subfield>
    <subfield code="y">02</subfield>
    <subfield code="z"> </subfield>
  </datafield>
</record>
